[Event "Mechanics' Whitehead TNM; 30/90, SD/30"]
[Site "San Francisco"]
[Date "2014.09.30"]
[Round "9.22"]
[White "Knolla, Richard"]
[Black "Paquette, James"]
[Result "0-1"]
[WhiteElo "1326"]
[BlackElo "1320"]
[Annotator "Donaldson"]
[PlyCount "38"]
[EventDate "2014.??.??"]

1. e4 g6 2. d4 Bg7 3. Nf3 c5 4. c3 Qa5 5. Be3 d6 6. Be2 Nc6 7. d5 Ne5 8. Nxe5
Bxe5 9. Qb3 Bd7 10. Qxb7 Rc8 11. O-O Bg7 12. a4 Nf6 13. Bb5 O-O 14. Bxd7 Rb8
15. Qc6 Rxb2 16. Bc8 Rb6 17. Qc7 Nxe4 18. Ra3 Nf6 19. c4 Qb4 {
Black won in fifty moves, the remainder of the scoresheets are illegible.} 0-1

[Event "Mechanics' SummerTNM; 30/90, SD/30"]
[Site "?"]
[Date "2014.07.15"]
[Round "8"]
[White "Knolla, Richard"]
[Black "Sachs-Weintraub, Julian"]
[Result "1/2-1/2"]
[WhiteElo "1256"]
[BlackElo "850"]
[PlyCount "101"]
[EventDate "2014.05.28"]

1. e4 e5 2. Nf3 Nc6 3. d4 exd4 4. Nxd4 Nxd4 5. Qxd4 Nf6 6. e5 c5 7. Qd1 Qe7 8.
Qe2 d6 9. exf6 Qxe2+ 10. Bxe2 gxf6 11. O-O Bf5 12. Bb5+ Kd8 13. Re1 Bg7 14. Na3
d5 15. Bf4 a6 16. Bf1 Be6 17. c3 b5 18. b4 f5 19. Rac1 c4 20. Be5 f6 21. Bxf6+
Bxf6 22. Rxe6 Bg5 23. Rd1 Kd7 24. Re5 Bf6 25. Rdxd5+ Kc8 26. Rc5+ Kb7 27. Rxf5
Bxc3 28. Nc2 Rad8 29. Be2 Rd2 30. Bf3+ Kb8 31. Ne3 Bxb4 32. Rc6 Rxa2 33. Rb6+
Kc8 34. g3 c3 35. Rc6+ Kb8 36. Nd5 c2 37. Rxc2 Rxc2 38. Nxb4 Rc1+ 39. Kg2 Ra1
40. Nxa6+ Rxa6 41. Rxb5+ Kc7 42. Rc5+ Kd6 43. Rb5 Ra3 44. Rb6+ Ke5 45. Rb5+ Kf6
46. Be4 h6 47. g4 Kg7 48. h4 Ra4 49. f3 Rd8 50. Rd5 Rh8 51. Rd7+ {
W traded rooks and drew a few moves later} 1/2-1/2

[Event "Mechanics' Winter TNM; 30/90, SD/30"]
[Site "San Francisco"]
[Date "2014.02.18"]
[Round "7.23"]
[White "Kottkamp, Jeff"]
[Black "Olson, David"]
[Result "1-0"]
[WhiteElo "1678"]
[BlackElo "1415"]
[PlyCount "49"]
[EventDate "2014.??.??"]

1. e4 e5 2. Nf3 Nc6 3. Bc4 Nf6 4. Ng5 d5 5. exd5 Nxd5 6. Nxf7 (6. d4) 6... Kxf7
7. Qf3+ Qf6 $2 (7... Ke6) 8. Bxd5+ Be6 9. Bxc6 Qxf3 10. Bxf3 c6 11. O-O Bf5 12.
d3 Bc5 13. Be3 Bd4 14. Bxd4 exd4 15. Nd2 Rac8 16. Rfe1 Rc7 17. Re5 g6 18. Rae1
c5 19. Nc4 Rd8 20. Rd5 Rb8 21. Nd6+ Kg8 22. Nxf5 gxf5 23. Rxf5 b5 24. b3 a5 25.
h3 1-0

[Event "Mechanics' Winter TNM; 30/90, SD/30"]
[Site "San Francisco"]
[Date "2014.01.21"]
[Round "3.21"]
[White "Kottkamp, Jeff"]
[Black "Rakonitz, David"]
[Result "1-0"]
[WhiteElo "1678"]
[BlackElo "1477"]
[PlyCount "85"]
[EventDate "2014.??.??"]

1. e4 e6 2. d4 d5 3. Nd2 dxe4 4. Nxe4 Nd7 5. Nf3 Ngf6 6. Bd3 Nxe4 7. Bxe4 Nf6
8. Bg5 Qd6 9. Bxf6 gxf6 10. O-O f5 11. Bd3 h5 12. Re1 Be7 13. c4 f6 14. c5 Qc6
15. Qe2 Bd7 16. Bxf5 O-O-O 17. Bxe6 Kb8 18. b4 a6 19. a4 Qxe6 20. Qxe6 Bxe6 21.
Rxe6 Bf8 22. Rxf6 Bg7 23. Rf4 Bh6 24. Re4 Rdf8 25. Rae1 Rhg8 26. Kf1 Rd8 27. b5
axb5 28. axb5 Bg7 29. Ne5 Rd5 30. Rh4 Rgd8 31. Rxh5 Rxd4 32. c6 Bxe5 33. Rhxe5
Kc8 34. Re8 bxc6 35. bxc6 R4d6 36. R1e6 Rd1+ 37. Ke2 R1d2+ 38. Ke3 R2d3+ 39.
Kf4 R3d4+ 40. Kg3 R4d5 41. h4 Kb8 42. Rxd8+ Rxd8 43. Rg6 1-0

[Event "Mechanics' Winter TNM; 30/90, SD/30"]
[Site "San Francisco"]
[Date "2014.02.04"]
[Round "5.24"]
[White "Kottkamp, Jeff"]
[Black "Reyes, Robert"]
[Result "0-1"]
[WhiteElo "1678"]
[BlackElo "1318"]
[PlyCount "42"]
[EventDate "2014.??.??"]

1. e4 e6 2. d4 d5 3. Nd2 Nf6 4. e5 Nfd7 5. Bd3 c5 6. c3 Nc6 7. Ndf3 cxd4 8.
cxd4 Bb4+ 9. Bd2 Bxd2+ 10. Qxd2 Qa5 11. Ne2 Qxd2+ 12. Nxd2 O-O 13. O-O f6 14.
f4 f5 15. Rac1 Nb6 16. Nb3 Nb4 17. Bb1 Nc4 18. a3 Na6 19. Rc3 b6 20. Bd3 Nxb2
21. Bb5 Nc5 0-1

[Event "Mechanics' SummerTNM; 30/90, SD/30"]
[Site "San Francisco"]
[Date "2014.05.27"]
[Round "1.14"]
[White "Krasnov, Stephen"]
[Black "Furukawa, Jon"]
[Result "1-0"]
[WhiteElo "2007"]
[BlackElo "1515"]
[PlyCount "47"]
[EventDate "2014.??.??"]

1. Nf3 Nc6 2. d4 d5 3. g3 e6 4. Bg2 Nf6 5. O-O g6 6. Nbd2 Bg7 7. c3 O-O 8. Qc2
Re8 9. e4 dxe4 10. Nxe4 e5 11. dxe5 Nxe4 12. Qxe4 Nxe5 13. Nxe5 Bxe5 14. Qc2 c6
15. Bh6 Bf5 16. Qa4 Qb6 17. Qa3 Rad8 18. Be3 Qb5 19. Rfd1 Bd3 20. Rd2 Bg7 21.
Qxa7 Bf8 22. a4 Qc4 23. Rad1 Qa6 24. Qxa6 1-0

[Event "Mechanics' Spring TNM; 30/90, SD/30"]
[Site "San Francisco"]
[Date "2014.04.08"]
[Round "4.17"]
[White "Krasnov, Steven"]
[Black "Bertot, German"]
[Result "1-0"]
[WhiteElo "2007"]
[BlackElo "1631"]
[Annotator "Donaldson"]
[PlyCount "49"]
[EventDate "2014.??.??"]

1. Nf3 Nf6 2. b3 b6 3. c4 c5 4. g3 Bb7 5. Bg2 e6 6. O-O Be7 7. Bb2 O-O 8. d3 d6
9. Nbd2 Nc6 10. e3 Rb8 11. h3 Nb4 12. Qe2 h6 13. a3 Nc6 14. Rfd1 e5 15. Bc3 a5
16. Kh2 Nh7 17. d4 exd4 18. exd4 Bf6 19. Ne4 $1 Re8 20. Nxf6+ Qxf6 $2 (20...
Nxf6) 21. Qb2 Qg6 $2 (21... cxd4) 22. d5 Ne7 {Diagram #} 23. Nh4 Qg5 $2 (23...
Qh5 24. Bxg7) 24. f4 Qh5 25. Bf3 1-0

[Event "Mechanics' Spring TNM; 30/90, SD/30"]
[Site "San Francisco"]
[Date "2014.04.01"]
[Round "3.8"]
[White "Krasnov, Steven"]
[Black "Flores, David"]
[Result "0-1"]
[WhiteElo "2007"]
[BlackElo "1732"]
[PlyCount "102"]
[EventDate "2014.??.??"]

1. Nf3 Nf6 2. d3 d6 3. e4 Bg4 4. Be3 g6 5. Be2 Bg7 6. Nc3 c6 7. Qd2 b5 8. a3
Nbd7 9. h3 Be6 10. Nd4 Qc7 11. O-O O-O 12. f4 Nb6 13. Bf3 Bd7 14. Rae1 Rac8 15.
f5 Na4 16. Nxa4 bxa4 17. g4 c5 18. Ne2 Qb6 19. Rb1 Bc6 20. b4 axb3 21. cxb3 Qa6
22. a4 Nd7 23. d4 cxd4 24. Nxd4 Ne5 25. Be2 Qb7 26. Nxc6 Qxc6 27. Bxa7 Qxe4 28.
Qe3 Qb4 29. fxg6 hxg6 30. Qf4 Qc3 31. Kg2 Qc2 32. Qf2 Qe4+ 33. Bf3 Qb4 34. Qe2
Rc3 35. Qe4 Qa5 36. Bd4 Rc7 37. Bxe5 Bxe5 38. Qd5 Rc2+ 39. Rf2 Qc3 40. Qe4
Rxf2+ 41. Kxf2 Qd2+ 42. Be2 Rc8 43. Rd1 Qg5 44. Bc4 Qh4+ 45. Ke2 Kg7 46. Rh1
Bf6 47. Qe3 Rc5 48. Kd1 Re5 49. Qd3 Qg5 50. Qf3 Re3 51. Qf1 Rc3 0-1

[Event "Mechanics' Fall TNM; 30/90, SD/30"]
[Site "San Francisco"]
[Date "2014.12.09"]
[Round "7.12"]
[White "Krasnov, Steven"]
[Black "Flores, David"]
[Result "1-0"]
[WhiteElo "2002"]
[BlackElo "1793"]
[PlyCount "93"]
[EventDate "2014.??.??"]

1. c4 Nf6 2. Nf3 g6 3. Nc3 Bg7 4. d4 O-O 5. e4 d6 6. h3 Nbd7 7. Be3 a6 8. Be2
Rb8 9. O-O e5 10. Qd2 exd4 11. Nxd4 Re8 12. f3 c5 13. Nc2 Ne5 14. Rad1 Re6 15.
Bxc5 Ne8 16. Ba7 Bd7 17. Nd5 Rc8 18. Bb6 Qh4 19. Bf2 Qd8 20. Nd4 Nxc4 21. Bxc4
Rxc4 22. Nxe6 Bxe6 23. b3 Rc6 24. Rc1 Kh8 25. Rxc6 bxc6 26. Nb6 Nc7 27. Rc1 Ne8
28. Rxc6 Qf6 29. Nd5 Qe5 30. Rxa6 Bxd5 31. exd5 Nc7 32. Rc6 Ne8 33. Rc8 h5 34.
Qe3 Qxd5 35. Qxe8+ Kh7 36. Rc7 Kh6 37. Rxf7 h4 38. Qe3+ g5 39. Rc7 Be5 40. Qe4
Qd1+ 41. Be1 Bg7 42. Kh1 Qa1 43. Qe6+ Kh5 44. Qf7+ Kh6 45. Qxg7+ Qxg7 46. Rxg7
Kxg7 47. a4 1-0

[Event "Mechanics' SummerTNM; 30/90, SD/30"]
[Site "San Francisco"]
[Date "2014.06.10"]
[Round "3.5"]
[White "Krasnov, Steven"]
[Black "Lee, Andy"]
[Result "0-1"]
[WhiteElo "2007"]
[BlackElo "2320"]
[PlyCount "94"]
[EventDate "2014.??.??"]

1. d4 d6 2. c4 Nf6 3. Nc3 g6 4. Nf3 Bg7 5. Bg5 O-O 6. e3 c5 7. Be2 cxd4 8. exd4
Nc6 9. O-O d5 10. Bxf6 Bxf6 11. Nxd5 Bg7 12. Qd2 e6 13. Nc3 Nxd4 14. Nxd4 Qxd4
15. Qc2 Qe5 16. Bf3 a6 17. Rad1 Rb8 18. a4 Qc7 19. Ne4 Bd7 20. Rd2 Bc6 21. b4
b6 22. Rfd1 Rbc8 23. Be2 Bd5 24. c5 a5 25. Nd6 Rb8 26. Nb5 Qf4 27. bxa5 bxc5
28. a6 c4 29. g3 Qh6 30. a7 Rbc8 31. Bf1 c3 32. Rxd5 exd5 33. Bg2 d4 34. Nxd4
Rfd8 35. a8=Q Rxa8 36. Bxa8 Bxd4 37. Bf3 Qg5 38. Rb1 Qe7 39. Rb7 Qe6 40. a5 {
Diagram #} Bxf2+ $1 41. Qxf2 Rd2 42. Qf1 Qe3+ 43. Kh1 Rf2 44. Qd1 Rxf3 45. Re7
Qxe7 46. Qxf3 c2 47. Qc3 Qb7+ 0-1

[Event "Mechanics' Spring TNM; 30/90, SD/30"]
[Site "San Francisco"]
[Date "2014.04.29"]
[Round "7.10"]
[White "Krasnov, Steven"]
[Black "Lkhagvasuren, Zolboo"]
[Result "1/2-1/2"]
[WhiteElo "2007"]
[BlackElo "1802"]
[PlyCount "102"]
[EventDate "2014.??.??"]

1. e4 c5 2. Nc3 Nc6 3. d3 Nf6 4. Nge2 d6 5. h3 a6 6. g3 g6 7. Bg2 Bg7 8. O-O
O-O 9. f4 Nd4 10. Be3 Qb6 11. Rb1 Be6 12. Qd2 Nxe2+ 13. Qxe2 Qa5 14. f5 Bd7 15.
g4 Rab8 16. a3 b5 17. Bf3 b4 18. axb4 cxb4 19. Ra1 Qc7 20. Nd1 Rfc8 21. Rf2 Bb5
22. Qd2 Nd7 23. d4 a5 24. Be2 Bxe2 25. Qxe2 Ra8 26. b3 Nf6 27. Qd3 d5 28. e5
Ne4 29. Rg2 Qb6 30. Kf1 Nc3 31. Nb2 Qc6 32. Na4 Nxa4 33. Rxa4 Qb6 34. Bf2 Ra7
35. Ra2 Rac7 36. Be1 Rc6 37. Ke2 Qc7 38. Kd1 Qb6 39. h4 h6 40. Bd2 Kh8 41. g5
h5 42. f6 Bf8 43. Rf2 e6 44. Be1 R6c7 45. Rf4 Ra7 46. Bf2 Qc6 47. Ra4 Kg8 48.
Qe2 Kh8 49. Be1 Qb6 50. Bd2 Rd7 51. Ra2 Kg8 1/2-1/2

[Event "Mechanics' Whitehead TNM; 30/90, SD/30"]
[Site "San Francisco"]
[Date "2014.08.19"]
[Round "3.9"]
[White "Krasnov, Steven"]
[Black "Malvar, Melchor"]
[Result "1-0"]
[WhiteElo "2002"]
[BlackElo "1558"]
[PlyCount "47"]
[EventDate "2014.??.??"]

1. c4 Nf6 2. Nc3 e6 3. g3 b6 4. Bg2 c6 5. d4 Bb7 6. Nf3 Bb4 7. Qc2 d5 8. cxd5
cxd5 9. Qa4+ Nc6 10. Ne5 Bxc3+ 11. bxc3 Rc8 12. Ba3 Qc7 13. Rc1 Kd8 14. O-O
Nxe5 15. dxe5 Nd7 16. Qh4+ f6 17. Bd6 Qc4 18. f4 Qxe2 19. Rfe1 Qxa2 20. Qg4 d4
21. Bxb7 Rxc3 22. Qxg7 Re8 23. exf6 Rxc1 24. Rxc1 1-0

[Event "Mechanics' Spring TNM; 30/90, SD/30"]
[Site "San Francisco"]
[Date "2014.03.18"]
[Round "1.12"]
[White "Krasnov, Steven"]
[Black "McKellar, Daniel"]
[Result "1/2-1/2"]
[WhiteElo "2007"]
[BlackElo "1415"]
[Annotator "Donaldson"]
[PlyCount "66"]
[EventDate "2014.??.??"]

1. b3 e5 2. Bb2 d6 3. g3 Nf6 4. Bg2 Be7 5. c4 Nbd7 6. Nc3 c6 7. Nf3 d5 8. cxd5
cxd5 9. Rc1 a6 10. d4 e4 11. Ne5 Bb4 12. O-O O-O 13. e3 Re8 14. Ne2 Bd6 15.
Nxd7 Bxd7 16. Qd2 Bb5 17. a4 Bd3 18. Rfd1 Qb6 19. Nf4 Bxf4 20. gxf4 Qxb3 21.
Rc7 Rac8 22. Rdc1 Rxc7 23. Rxc7 Bc4 24. a5 b6 25. Rb7 b5 26. Rb6 Ra8 27. f3 Qd3
28. Bc3 exf3 29. Qxd3 Bxd3 30. Bxf3 Be4 31. Be2 h5 32. h3 Bf5 33. Kg2 Ne4 {
Black has played very well up this point and might well have considering
carrying on.} 1/2-1/2

[Event "Mechanics' Whitehead TNM; 30/90, SD/30"]
[Site "San Francisco"]
[Date "2014.09.02"]
[Round "5.13"]
[White "Krasnov, Steven"]
[Black "Newey, Richard"]
[Result "1-0"]
[WhiteElo "2002"]
[BlackElo "1747"]
[Annotator "Donaldson"]
[PlyCount "121"]
[EventDate "2014.??.??"]

1. e4 c5 2. Nc3 e6 3. f4 d5 4. Nf3 d4 5. Ne2 Nf6 6. d3 Nc6 7. g3 b5 8. Bg2 Bb7
9. O-O Be7 10. h3 Qb6 11. Kh2 h6 12. a3 Qc7 13. Qe1 g5 14. fxg5 hxg5 15. Nxg5
Ng4+ 16. Kg1 Bxg5 17. Bxg5 Ne3 18. Bxe3 dxe3 19. Nf4 Nd4 20. Rc1 e2 21. Rf2 Rg8
22. g4 O-O-O 23. c3 Nb3 24. Rc2 c4 25. dxc4 Rd1 26. Rcxe2 Rxe1+ 27. Rxe1 Qxc4
28. Nh5 Qc5 29. Kf1 Qc4+ 30. Kg1 Qc7 31. Ref1 Qb6 32. Kh1 f5 33. exf5 Bxg2+ 34.
Kxg2 Qc6+ 35. Kh2 Qd6+ 36. Kg1 Qc5 37. Kg2 Qd5+ 38. Kg3 Nc5 39. Kh2 Ne4 40. Re2
Qd6+ 41. Kg2 Qd3 42. Nf4 Qg3+ 43. Kh1 e5 44. Rxe4 exf4 45. Rfxf4 Qxh3+ 46. Kg1
Qg3+ 47. Kf1 Rh8 48. f6 Rh1+ 49. Ke2 Qe1+ 50. Kf3 Rh3+ 51. Kg2 Qh1+ 52. Kf2
Qh2+ 53. Ke1 Qg1+ 54. Kd2 Rh2+ 55. Re2 Rxe2+ 56. Kxe2 Qh2+ 57. Ke3 Qg3+ 58. Ke4
Qe1+ 59. Kf5 Kd7 60. g5 Ke8 $4 (60... Qe6+ $11) 61. Re4+ 1-0

[Event "Mechanics' Winter TNM; 30/90, SD/30"]
[Site "San Francisco"]
[Date "2014.02.11"]
[Round "6.3"]
[White "Krasnov, Steven"]
[Black "Niemann, Hans"]
[Result "1/2-1/2"]
[WhiteElo "1953"]
[BlackElo "1979"]
[Annotator "Nalimov tablebase"]
[PlyCount "215"]
[EventDate "2014.??.??"]

1. c4 Nf6 2. Nc3 e6 3. Nf3 d5 4. d4 c5 5. cxd5 Nxd5 6. e4 Nxc3 7. bxc3 cxd4 8.
Nxd4 Bc5 9. Be3 Qe7 10. Bb5+ Nd7 11. Qh5 O-O 12. h4 Nf6 13. Qf3 e5 14. Nc2 Bxe3
15. Qxe3 a6 16. Be2 Bd7 17. Rb1 Bc6 18. f3 Rac8 19. h5 Ba4 20. Nb4 Qc7 21. c4
b5 22. h6 g6 23. Qg5 Ne8 24. Nd5 Qa5+ 25. Qd2 Qd8 26. cxb5 Bxb5 27. Bxb5 axb5
28. Rxb5 Nc7 29. Rc5 Nxd5 30. Rxd5 Qb6 31. Ke2 Qa6+ 32. Kf2 Qb6+ 33. Kg3 f5 34.
Rxe5 fxe4 35. Qd5+ Kh8 36. Rxe4 Qa6 37. Qd7 Qf6 38. Qg7+ Qxg7 39. hxg7+ Kxg7
40. Re7+ Rf7 41. Rxf7+ Kxf7 42. Rxh7+ Kf6 43. a4 Ra8 44. Rh4 Ra5 45. Rb4 Rg5+
46. Kf2 Ra5 47. Ke3 Re5+ 48. Kd4 Re2 49. g4 g5 50. Rb6+ Kf7 51. a5 Ra2 52. a6
Ra4+ 53. Ke5 Ra5+ 54. Ke4 Ra4+ 55. Kf5 Ra5+ 56. Ke4 Ra4+ 57. Kd5 Ra5+ 58. Kc6
Ra3 59. Rb7+ Ke6 60. a7 Rc3+ 61. Kb6 Rb3+ 62. Kc7 Rc3+ 63. Kb8 Rxf3 64. Rc7
Rb3+ 65. Kc8 Ra3 66. Kb8 Rb3+ 67. Rb7 Rf3 68. Rb5 Rf8+ 69. Kb7 Rf7+ 70. Ka6 Rf8
71. Rxg5 {W has a won position.} Kd7 72. Rg7+ Kc6 73. Rg6+ Kc7 74. Kb5 $6 (74.
g5) 74... Kb7 75. Rg7+ Ka8 76. g5 Rf5+ 77. Kc6 Rf1 (77... Rc5+ $142 $1) 78. Kd6
Rd1+ 79. Ke6 Re1+ 80. Kf6 Rf1+ 81. Kg6 Rd1 82. Rf7 Rd6+ 83. Kg7 $4 {
this converts the win into a draw.} ({Correct was} 83. Rf6 {and now if} Rd5 84.
Ra6) 83... Rd5 $4 {giving White back a winning position.} (83... Rg6+ $3 {
draws.}) 84. g6 Rd6 85. Kh7 Rd1 86. g7 $4 ({Either} 86. Rf6 {or}) (86. Kg8 {
preserves the win.}) 86... Rh1+ 87. Kg6 Rg1+ 88. Kf6 Rf1+ 89. Ke7 Re1+ 90. Kd8
Re8+ 91. Kc7 Rc8+ 92. Kd6 Rc6+ 93. Ke5 Re6+ 94. Kf5 Re5+ 95. Kg6 Rg5+ 96. Kh7
Rh5+ 97. Kg6 Rg5+ 98. Kf6 Rg6+ 99. Ke7 Re6+ 100. Kd8 Re8+ 101. Kd7 Rd8+ 102.
Kc6 Rd6+ 103. Kc7 Rc6+ 104. Kd8 Rc8+ 105. Ke7 Re8+ 106. Kf6 Re6+ 107. Kg5 Rg6+
108. Kf5 1/2-1/2

[Event "Mechanics' SummerTNM; 30/90, SD/30"]
[Site "San Francisco"]
[Date "2014.07.08"]
[Round "7.9"]
[White "Krasnov, Steven"]
[Black "Poling, Scott"]
[Result "1-0"]
[WhiteElo "2007"]
[BlackElo "1683"]
[PlyCount "64"]
[EventDate "2014.??.??"]

1. e4 e6 2. d3 d5 3. Nd2 dxe4 4. Nxe4 Be7 5. Nf3 Bd7 6. g3 Bc6 7. Qe2 Nd7 8.
Bg2 Ngf6 9. O-O O-O 10. h4 Nxe4 11. dxe4 e5 12. Rd1 Qe8 13. b3 Rd8 14. Bb2 Bd6
15. Nd2 Nf6 16. a4 Qe6 17. Kh2 Ng4+ 18. Kg1 Bc5 19. Rf1 Kh8 20. Bh3 h5 21. Nc4
f6 22. Kg2 Bd7 23. Rh1 Qc6 24. f3 f5 25. Raf1 fxe4 26. fxg4 e3+ 27. Kh2 Rf2+
28. Rxf2 exf2 29. Qxe5 Bf8 30. Qxh5+ Kg8 31. Bg2 Qa6 32. Rf1 Be8 1-0

[Event "Mechanics' Winter TNM; 30/90, SD/30"]
[Site "San Francisco"]
[Date "2014.01.07"]
[Round "1.11"]
[White "Krasnov, Steven"]
[Black "Rakonitz, David"]
[Result "1-0"]
[WhiteElo "1953"]
[BlackElo "1477"]
[PlyCount "77"]
[EventDate "2014.??.??"]

1. Nf3 Nf6 2. c4 e6 3. g3 b6 4. Bg2 Bb7 5. O-O Be7 6. Nc3 Ne4 7. Qc2 Nxc3 8.
Qxc3 O-O 9. d4 c5 10. dxc5 bxc5 11. Bf4 d6 12. Rfd1 Qb6 13. Rd2 e5 14. Bg5 Bxg5
15. Nxg5 Rd8 16. Qc2 g6 17. Ne4 Na6 18. h4 Nc7 19. h5 Kg7 20. hxg6 hxg6 21.
Rad1 d5 22. cxd5 Bxd5 23. Nc3 Bxg2 24. Rxd8 Rxd8 25. Rxd8 Ne6 26. Rd7 Nd4 27.
Qa4 Bc6 28. Qxa7 Qxa7 29. Rxa7 e4 30. Rc7 Bb5 31. Nxb5 Nxb5 32. Rxc5 Nd4 33.
Kf1 Kf6 34. Ke1 Ke6 35. Rc7 Nb5 36. Rb7 Nd4 37. Kd2 f5 38. Rb6+ Kf7 39. a4 1-0

[Event "Mechanics' SummerTNM; 30/90, SD/30"]
[Site "San Francisco"]
[Date "2014.06.24"]
[Round "5.7"]
[White "Krasnov, Steven"]
[Black "Royzen, Igor"]
[Result "1-0"]
[WhiteElo "2007"]
[BlackElo "1855"]
[PlyCount "79"]
[EventDate "2014.??.??"]

1. e4 c6 2. Nc3 d5 3. g3 dxe4 4. Nxe4 Bf5 5. Bg2 e6 6. d4 Nf6 7. Nxf6+ Qxf6 8.
c3 Qd8 9. Nf3 Nd7 10. O-O Be7 11. a4 O-O 12. a5 Nf6 13. a6 Qc8 14. Ne5 Be4 15.
f3 Bg6 16. axb7 Qxb7 17. Qe2 Qb5 18. c4 Qb6 19. Rd1 Rfd8 20. f4 Rac8 21. c5 Qc7
22. Nxc6 Bh5 23. Nxe7+ Qxe7 24. Bf3 Bxf3 25. Qxf3 Rb8 26. Ra3 Rb4 27. Rad3 Nd5
28. b3 Rdb8 29. f5 Qd7 30. Bd2 R4b5 31. fxe6 fxe6 32. Re1 Rf8 33. Qe4 Re8 34.
Rc1 Qc6 35. Ra1 a6 36. Rf3 Qb7 37. Qe2 Nc7 38. Bf4 Nd5 39. Bd6 Rxb3 40. Qxe6+
1-0

[Event "Mechanics' Winter TNM; 30/90, SD/30"]
[Site "San Francisco"]
[Date "2014.01.21"]
[Round "3.5"]
[White "Krasnov, Steven"]
[Black "Royzen, Igor"]
[Result "1-0"]
[WhiteElo "1953"]
[BlackElo "1852"]
[Annotator "Donaldson"]
[PlyCount "119"]
[EventDate "2014.??.??"]

1. c4 c6 2. e3 d5 3. Qc2 Nf6 4. Nf3 Bg4 5. Ne5 e6 $6 6. Nxg4 Nxg4 7. d3 Bd6 8.
Nd2 $2 {Diagram #} (8. Be2) 8... Nxh2 $5 (8... Qh4 $5 9. Nf3 (9. g3 Qf6 $1 10.
f4 Nxe3 $19) 9... Bb4+ 10. Kd1 Qe7 $15) 9. Be2 Qh4 10. Rg1 Nd7 11. g3 Qh3 12.
d4 Nf6 13. e4 Nxe4 14. Nxe4 dxe4 15. Qxe4 Bb4+ 16. Kd1 O-O-O 17. Be3 Qf5 18.
Qxf5 exf5 19. f3 Bc5 20. Rg2 Bxd4 21. Bxd4 Rxd4+ 22. Kc2 Nxf3 23. Bxf3 Rxc4+
24. Kb3 Rd4 25. Be2 Rhd8 26. Rc1 Rd2 27. Kc3 Kc7 28. Rcg1 R2d4 29. Bc4 f6 30.
Be6 g6 31. Rh1 h5 32. Bf7 Rg4 33. Rh4 Rdd4 {Diagram #} 34. Bxg6 $1 Rc4+ 35. Kd3
Rcd4+ 36. Kc2 Rxh4 37. gxh4 Rxh4 38. Bxf5 Rf4 39. Rg7+ Kb6 40. Bc8 h4 41. Rxb7+
Kc5 42. Rxa7 Rf2+ 43. Kb3 Rf3+ 44. Ka4 h3 45. Rh7 Rf2 46. b4+ Kd6 47. Kb3 Rf3+
48. Kc4 Rf4+ 49. Kc3 Rf3+ 50. Kb2 Rf2+ 51. Kb3 Rf3+ 52. Ka4 Rf2 53. a3 h2 54.
Rh5 f5 55. Bb7 f4 56. Rh6+ Kc7 57. Ba8 f3 58. Bxc6 h1=Q 59. Rxh1 Kxc6 60. Rh6+
{White is winning by advancing his queenside pawns down the board and sacking
his rook for the f-pawn but Black could check his technique.} 1-0

[Event "Mechanics' Fall TNM; 30/90, SD/30"]
[Site "San Francisco"]
[Date "2014.10.28"]
[Round "2.2"]
[White "Krasnov, Steven"]
[Black "Shaw, Tenzing"]
[Result "0-1"]
[WhiteElo "2002"]
[BlackElo "2246"]
[PlyCount "100"]
[EventDate "2014.??.??"]

1. Nf3 d5 2. g3 c5 3. Bg2 Nc6 4. O-O Nf6 5. d4 e6 6. a3 cxd4 7. Nxd4 Bc5 8.
Nxc6 bxc6 9. b4 Be7 10. Bb2 O-O 11. Nd2 Rb8 12. c4 a5 13. cxd5 cxd5 14. Be5 Rb5
15. bxa5 Rxa5 16. Qc1 Qd7 17. Nb3 Rb5 18. Qc2 Ba6 19. Rfb1 Rc8 20. Qd1 Ng4 21.
Bd4 e5 22. h3 exd4 23. hxg4 Qxg4 24. Bf3 Qg5 25. Nxd4 Rxb1 26. Qxb1 g6 27. e3
h5 28. Qb6 Bc4 29. Qb7 Rc5 30. a4 Bd6 31. Qb6 {Diagram #} Bxg3 $1 32. Ne6 Bc7+
33. Nxg5 Bxb6 34. Rb1 Bc7 35. Kg2 Kg7 36. Rb7 Kf6 37. Nh3 Ke7 38. Nf4 Kd6 39.
Ne2 Ba6 40. Rb2 Ra5 41. Nc3 Bc4 42. Nb5+ Kc6 43. Nc3 Be5 44. Rc2 Bxc3 45. Rxc3
Rxa4 46. e4 d4 47. e5+ Kc5 48. Rc1 d3 49. Rd1 Kd4 50. Bc6 Ra2 0-1

[Event "Mechanics' Fall TNM; 30/90, SD/30"]
[Site "San Francisco"]
[Date "2014.12.02"]
[Round "6.6"]
[White "Krasnov, Steven"]
[Black "Stearman, Josiah"]
[Result "0-1"]
[WhiteElo "2002"]
[BlackElo "2185"]
[PlyCount "98"]
[EventDate "2014.??.??"]

1. d4 Nf6 2. Nf3 g6 3. Bf4 Bg7 4. h3 O-O 5. e3 d6 6. Bd3 Nbd7 7. O-O Re8 8. e4
e5 9. dxe5 dxe5 10. Be3 h6 11. Qd2 g5 12. Na3 Nf8 13. Nc4 Ng6 14. a4 Nh5 15.
Be2 Qxd2 16. Bxd2 Nhf4 17. Rfe1 Nxe2+ 18. Rxe2 Be6 19. Ne3 Nf4 20. Ree1 f6 21.
Kh2 h5 22. Ng1 Rad8 23. Rad1 h4 24. Bb4 Bf8 25. Bxf8 Kxf8 26. g3 Ng6 27. Ne2
hxg3+ 28. fxg3 Kf7 29. Kg2 Rh8 30. Ng1 Rd4 31. Rxd4 exd4 32. Nf5 Bxf5 33. exf5
Ne5 34. Rd1 c5 35. Ne2 Nc4 36. Rd3 Ne3+ 37. Kf3 Nxc2 38. Rb3 b6 39. a5 d3 40.
Rxd3 Ne1+ 41. Ke3 Nxd3 42. Kxd3 Rxh3 43. axb6 axb6 44. b3 b5 45. Ke4 Rh2 46.
Ke3 b4 47. Kd3 Ke7 48. Nc1 Rg2 49. Kc4 Rxg3 0-1

[Event "Mechanics' Winter TNM; 30/90, SD/30"]
[Site "San Francisco"]
[Date "2014.01.14"]
[Round "2.9"]
[White "Lacounte, Brendan"]
[Black "Bacheitz, Martin"]
[Result "1/2-1/2"]
[WhiteElo "1969"]
[BlackElo "1717"]
[PlyCount "94"]
[EventDate "2014.??.??"]

1. d4 d5 2. Nf3 Nf6 3. Bf4 c5 4. e3 Nc6 5. c3 Qb6 6. Qb3 c4 7. Qxb6 axb6 8. Na3
Ra5 9. Bc7 Nd7 10. Be2 e6 11. Nc2 Be7 12. e4 O-O 13. O-O Ncb8 14. Ne3 Na6 15.
Bf4 Nf6 16. exd5 Nxd5 17. Bg3 b5 18. Nxd5 exd5 19. a3 Bf5 20. Rfe1 Be6 21. Nd2
Nb8 22. Bf3 Nc6 23. Nf1 Ra6 24. Ne3 Rd8 25. Bg4 Bxg4 26. Nxg4 Kf8 27. Ne3 Bd6
28. Bh4 Be7 29. Bg3 Bd6 30. Bh4 Be7 31. Nf5 Bxh4 32. Nxh4 Rda8 33. Rad1 g6 34.
Re3 Re8 35. Rde1 Rxe3 36. Rxe3 b4 37. cxb4 Nxd4 38. Kf1 Re6 39. g3 g5 40. Ng2
Nb3 41. Rxe6 fxe6 42. Ne3 Kf7 43. Ke1 Kf6 44. a4 Ke5 45. Ng4+ Kf5 46. Ne3+ Ke4
47. Ng4 Kf5 1/2-1/2

[Event "Mechanics' Winter TNM; 30/90, SD/30"]
[Site "San Francisco"]
[Date "2014.02.11"]
[Round "6.2"]
[White "Lacounte, Brendan"]
[Black "Gaffagan, Steven"]
[Result "0-1"]
[WhiteElo "1969"]
[BlackElo "2068"]
[PlyCount "110"]
[EventDate "2014.??.??"]

1. d4 Nf6 2. Nf3 b6 3. Nc3 Bb7 4. d5 e6 5. dxe6 fxe6 6. Bg5 Be7 7. e3 Na6 8.
Bb5 Nc5 9. Ne5 a6 10. Bc4 b5 11. Be2 O-O 12. Bf3 b4 13. Bxb7 Rb8 14. Nd5 Nxd5
15. Bxe7 Nxe7 16. Bf3 d6 17. Nd3 Nxd3+ 18. Qxd3 Rb5 19. Qb3 d5 20. e4 Kh8 21.
Rd1 c6 22. O-O Ng6 23. exd5 exd5 24. Rfe1 Qf6 25. c4 bxc3 26. Qxc3 Rxb2 27.
Qxf6 gxf6 28. Re2 Rfb8 29. Red2 Ne5 30. Be2 Rxd2 31. Rxd2 Rb1+ 32. Rd1 Rb2 33.
Bxa6 Rxa2 34. Bc8 Kg7 35. f4 Ng6 36. g3 Ne7 37. Bg4 f5 38. Bf3 Ra3 39. Kf2 Ra2+
40. Kg1 h6 41. Rd3 Kf6 42. Rd1 Ra3 43. Kf2 Ra2+ 44. Kg1 Ra8 45. Kf2 Ke6 46. g4
Kf6 47. h4 fxg4 48. Bxg4 Ra4 49. Kf3 Ng6 50. Kg3 Nxf4 51. Rc1 Ke5 52. Rxc6 h5
53. Bf3 Ra3 54. Kf2 Ra2+ 55. Ke3 d4# 0-1